000 00614nam a22001817a 4500
005 20251108173123.0
008 250721s2003 xx 000 0 ara d
082 1 4 _aم/922.1/قاض
100 1 _aالقاضي عياض، عياض بن موسى بن عياض بن عمرو
245 1 0 _aفهرست شيوخ القاضي عياض المسمى الغنية /
264 1 _aالقاهرة :
_bمكتبة الثقافة الدينية،
_c2003.
300 _a187ص
650 1 7 _aالتراجم
650 1 7 _aالفقه الإسلامي
650 1 7 _aعلوم الحديث
942 _2ddc
_cREF
999 _c96535
_d96535